52 Stories for children. (Record no. 3466)

000 -LEADER
fixed length control field 00600nam a2200193 a 4500
001 - CONTROL NUMBER
control field :::00001197$&:&@@
003 - CONTROL NUMBER IDENTIFIER
control field OkBaRHE
005 - DATE AND TIME OF LATEST TRANSACTION
control field 20000607103242.0
008 - FIXED-LENGTH DATA ELEMENTS--GENERAL INFORMATION
fixed length control field s1971 j 000 0 eng u
040 ## - CATALOGING SOURCE
Transcribing agency
100 1# - MAIN ENTRY--PERSONAL NAME
Personal name White, R. E. O. (Reginald Ernest Oscar), 1914-
245 10 - TITLE STATEMENT
Title 52 Stories for children.
260 ## - PUBLICATION, DISTRIBUTION, ETC. (IMPRINT)
Place of publication, distribution, etc London, UK:EN., :
Name of publisher, distributor, etc Pickering and Inglis
Date of publication, distribution, etc c1971
300 ## - PHYSICAL DESCRIPTION
Extent 160 p. ;
Dimensions 21 cm.
650 ## - SUBJECT ADDED ENTRY--TOPICAL TERM
Topical term or geographic name as entry element Bible Stories
650 ## - SUBJECT ADDED ENTRY--TOPICAL TERM
Topical term or geographic name as entry element Children's Stories
942 ## - ADDED ENTRY ELEMENTS (KOHA)
Source of classification or shelving scheme
Koha item type Books
Copies
Price effective from Date last seen Koha item type Copy number Source of classification or shelving scheme Shelving location Date acquired Barcode Not for loan Lost status Full call number Damaged status Withdrawn status Permanent Location
2010-04-142018-02-20Books1 General Stacks2010-04-141197  BS 551.2 .W488  RHEMA Bible Training College